书目信息 |
| 题名: |
浅近文言文百篇注释
|
|
| 作者: | 韩珍重 编 | |
| 分册: | ||
| 出版信息: | 福州 福建人民教育出版社 1980 |
|
| 页数: | 183页 | |
| 开本: | 19cm | |
| 丛书名: | ||
| 单 册: | ||
| 中图分类: | H194.1 , H159 | |
| 科图分类: | ||
| 主题词: | 文言文--注释 , 汉语--翻译 | |
| 电子资源: | ||
| ISBN: | ||
| 000 | 00663nam0 2200253 45 | |
| 001 | 1573503471 | |
| 005 | 20150120202804.43 | |
| 010 | @dCNY0.51 | |
| 091 | @aCN@b7159.538 | |
| 100 | @a19950515d1980 em y0chiy0121 ea | |
| 101 | 0 | @achi |
| 102 | @aCN@b350000 | |
| 105 | @ay z 000yy | |
| 200 | 10 | @a浅近文言文百篇注释@Aqian jin wen yan wen bai pian zhu shi@f韩珍重编 |
| 210 | @a福州@c福建人民教育出版社@d1980 | |
| 215 | @a183页@d19cm | |
| 606 | @a文言文@x注释 | |
| 606 | 0 | @a汉语@x翻译 |
| 690 | @aH194.1@v3 | |
| 690 | @aH159@v4 | |
| 701 | 0 | @a韩珍重@Ahan zhen zhong@4编 |
| 801 | 0 | @aCN@bTSSF@c20150120 |
| 801 | 2 | @aCN@bNLC |
| 905 | @aZUCC@dH159@eJY105 | |
| 浅近文言文百篇注释/韩珍重编.-福州:福建人民教育出版社,1980 |
| 183页;19cm |
| ISBN :CNY0.51 |
| ● |
| 相关链接 |
|
|
|
|
正题名:浅近文言文百篇注释
索取号:H159/JY105
 
预约/预借
| 序号 | 登录号 | 条形码 | 馆藏地/架位号 | 状态 | 备注 |
| 1 | 7849511 | 278495111 | 学院路分馆/ [索取号:H159/JY105] | 在馆 | |
| 2 | 7849512 | 278495120 | 学院路分馆/ [索取号:H159/JY105] | 在馆 |